000 01249cam a22003497a 4500
003 CHAP
005 20220329133000.0
008 971013s1979 r 00010 d
010 _a920
011 _a1892
035 _a1077
040 _cCHAP
082 0 4 _a633.31
_bG7
100 0 0 _aGraham, Joseph H.
_950218
245 1 0 _aCompendium of alfalfa diseases
260 _aSt. Paul, Minn. :
_bAmerican Phytopathological Society,
_c1979
300 _a65 p.
_b: ilus.
490 0 _aDisease compendium series
500 _aEn la 2 ed. aparece como editor Stuteville, Donald L.
590 _aBATCH-UPD
_b10
_c20130110
_lUCH01
_h0857
590 _aCONVERSION
_b10
_c20130109
_lUCH01
_h1302
650 1 4 _aAlfalfa
_xEnfermedades.
_93863
700 0 _aFrosheiser, Fred I.
_943579
700 0 _aStuteville, Donald L.
_9110112
830 0 _aDisease compendium series
_932720
901 _aBK
942 _cLIBRO
949 _a633.31 G7
_bBC
_cC
_d33724002203446
_eC
_h57444
_i1077
_si
_t2.65
949 _a633.31 G7
_bBC
_cLIBRO
_d33724000216842
_eLIBRO
_fc.2
_h69397
_i1077
_si
_t11.10
949 _a633.31 G7
_bBC
_cLIBRO
_d33724000216859
_eLIBRO
_fc.3
_h69398
_i1077
_si
_t11.10
949 _a633.31 G7
_bBC
_cLIBRO
_d33724000216867
_eLIBRO
_fc.4
_gI. 148617
_h76833
_i1077
_si
_t100.00
999 _c920
_d920